Geography Quiz

Random Geography or World Quiz

Geographical Features 7-to-1 Quiz Stats

 Plays Quiz Updated Dec 30, 2017

Also try: Speed Geography
Challenge
Share
Tweet
Embed
Score 0/28 Timer 06:00
17 Plays Today
% Correct
Sahara
98.2%
Nile
95.8%
Everest
95.2%
Gobi
95%
Amazon
94.5%
Kilimanjaro
94.2%
Mississippi
93.3%
Adriatic
93%
Superior
91.2%
Ganges
90.8%
Kalahari
90%
Fuji
89.1%
Baltic
85.7%
Pangaea
84.2%
% Correct
Borneo
81.3%
Mekong
77.8%
Namib
73.2%
Bering
72.6%
Indus
69.8%
Atacama
69.7%
Patagonian
65.9%
Sargasso
65.2%
Baikal
62.5%
Tanganyika
52.3%
Sulawesi
35.1%
Kyzylkum
34.6%
Aoraki
30.4%
Kara
29.9%

You're not logged in!

Compare scores with friends on all Sporcle quizzes.
OR
Log In

You Might Also Like...

Show Comments

Extras

Top Quizzes Today


Score Distribution

Your Account Isn't Verified!

In order to create a playlist on Sporcle, you need to verify the email address you used during registration. Go to your Sporcle Settings to finish the process.

Report this User

Report this user for behavior that violates our Community Guidelines.

Details: